书目信息 |
| 题名: |
北魏末年各族人民起义
|
|
| 作者: | 顾奎相 , 陈濚 编 | |
| 分册: | ||
| 出版信息: | 沈阳 辽宁人民出版社 1978 |
|
| 页数: | 57页 | |
| 开本: | 19cm | |
| 丛书名: | 中国历史故事小丛书 | |
| 单 册: | ||
| 中图分类: | K236.1-51 | |
| 科图分类: | ||
| 主题词: | 中国--古代史--封建社会 | |
| 电子资源: | ||
| ISBN: | ||
| 000 | 00748nam2 2200265 45 | |
| 001 | 0178004548 | |
| 005 | 20040429163747.6 | |
| 010 | @dCNY0.16 | |
| 091 | @a11090.47 | |
| 100 | @a19950720d1978 em y0chiy0121 ea | |
| 101 | 0 | @achi |
| 102 | @aCN@b210000 | |
| 105 | @af z 000ay | |
| 106 | @ar | |
| 200 | 10 | @a北魏末年各族人民起义@Abei wei mo nian ge zu ren min qi yi@f顾奎相,陈濚编 |
| 210 | @a沈阳@c辽宁人民出版社@d1978 | |
| 215 | @a57页@c插图@d19cm | |
| 225 | 2 | @a中国历史故事小丛书 |
| 410 | 0 | @120010@a中国历史故事小丛书 |
| 606 | 0 | @a中国@x古代史@x封建社会 |
| 690 | @aK236.1-51@v3 | |
| 701 | 0 | @a顾奎相@Agu kui xiang@4编 |
| 701 | 0 | @a陈濚@Achen wan@4编 |
| 801 | 0 | @aCN@bNLC@c20040228 |
| 905 | @dK236.1-51@e3@f2@b67166-167@b67169@f1 | |
| 北魏末年各族人民起义/顾奎相,陈濚编.-沈阳:辽宁人民出版社,1978 |
| 57页:插图;19cm.-(中国历史故事小丛书) |
| ISBN :CNY0.16 |
| ● |
| 相关链接 |
|
|
|
|
正题名:北魏末年各族人民起义
索取号:K236.1-51/3
 
预约/预借
| 序号 | 登录号 | 条形码 | 馆藏地/架位号 | 状态 | 备注 |
| 1 | 0067166 | 001283202 | 第二借阅区/ [索取号:K236.1-51/3] | 在馆 | |
| 2 | 0067167 | 001283168 | 第二借阅区/ [索取号:K236.1-51/3] | 在馆 | |
| 3 | 0067168 | 001898325 | 密集书库/ [索取号:K236.1-51/3] | 在馆 | |
| 4 | 0067169 | 001283248 | 第二借阅区/ [索取号:K236.1-51/3] | 在馆 | |
| 5 | 0067170 | 001283284 | 第二样本阅览室/ [索取号:K236.1-51/3] | 在馆 |